Statistics for Ballon d'Or Winners Without Cristiano Ronaldo and Lionel Messi

Click here to take the quiz!

General Stats

  • This quiz has been taken 249 times
  • The average score is 12 of 13

Answer Stats

YearRankPlayerNationalityClub(s)Points% Correct
20153rdNeymarBrazilianBarcelona7.86%
97%
20173rdNeymarBrazilianBarcelona/Paris Saint-Germain361
97%
20102ndAndrés IniestaSpanishBarcelona17.36%
96%
20123rdAndrés IniestaSpanishBarcelona10.91%
96%
20212ndRobert LewandowskiPolishBayern Munich580
96%
20181stLuka ModrićCroatianReal Madrid753
95%
20093rdXaviSpanishBarcelona170
95%
20113rdXaviSpanishBarcelona9.23%
95%
20192ndVirgil van DijkDutchLiverpool679
94%
20143rdManuel NeuerGermanBayern Munich15.72%
91%
20163rdAntoine GriezmannFrenchAtlético Madrid198
90%
20133rdFranck RibéryFrenchBayern Munich23.36%
87%
20083rdFernando TorresSpanishLiverpool179
76%

Score Distribution

Percentile by Number Answered

Percent of People with Each Score

Your Score History

You have not taken this quiz